TV Series by main character - Statistics

General Stats
  • This quiz has been taken 2,537 times
  • The average score is 11 of 27
Answer Stats
Hint Answer % Correct
Homer Simpson The Simpsons
94%
Sherlock Holmes Sherlock
89%
Dexter Morgan Dexter
85%
Walter White Breaking Bad
78%
Jon Snow Game of Thrones
75%
Tony Soprano The Sopranos
73%
Gregory House House
65%
The Doctor Doctor Who
55%
Rick Grimes The Walking Dead
53%
Michael Scofield Prison Break
52%
Spartacus Spartacus
50%
Finn the human Adventure Time
37%
Harvey Specter Suits
36%
Aang Avatar: The Last Airbender
34%
John Luther Luther
33%
Piper Chapman Orange is the New Black
31%
Philip Fry Futurama
28%
Francis Underwood House of Cards
26%
Stan Marsh South Park
24%
Jax Teller Sons of Anarchy
21%
Michael Bluth Arrested Development
16%
Jimmy McNulty The Wire
12%
Dennis Reynolds It's Always Sunny in Philadelphia
7%
Malcolm Reynolds Firefly
6%
Dave Lister Red Dwarf
5%
Lindsay Weir Freaks & Geeks
4%
Leo Glynn Oz
4%
No matching quizzes found
Score Distribution
Percent of People with Each Score
Percentile by Number Answered
Your Score History
You have not taken this quiz